| 000 | 00465nam a2200181 i 4500 | ||
|---|---|---|---|
| 001 | bg | ||
| 100 | 1 | _aBĄDKOWSKA, Zofia | |
| 245 | 0 |
_aObliczenia z chemii nieorganicznej / _cA. Bądkowska, E. Koliński, M. Wojnowska. |
|
| 250 | _aWyd.4. | ||
| 260 |
_aGdańsk, _c1984. |
||
| 700 | 1 | _aKOLIŃSKI, Edmund | |
| 700 | 1 | _aWOJNOWSKA, Maria | |
| 040 | _cBPK | ||
| 041 | _apol | ||
| 080 | _a546(075.8)(076) | ||
| 942 | _cKS | ||
| 008 | s pl f |000 0 pol | ||
| 999 |
_c2441 _d2441 |
||
| 856 |
_uhttp://koha.tu.koszalin.pl/cgi-bin/koha/opac-detail.pl?biblionumber=2441 _yKatalog online BPK |
||